Kalkulácia variabilných nákladov

Podstata a úloha kalkulácií. Kalkulácie z hľadiska štruktúry nákladov. Kalkulačný systém. Kalkulácia variabilných nákladov. Metodika kalkulácie variabilných nákladov.

Saved in:
Bibliographic Details
Main Author: Serina, Pavol
Format: Book Chapter
Language:Slovak
Subjects:
Tags: Add Tag
No Tags, Be the first to tag this record!

MARC

LEADER 00000naa$a2200000$$$4500
001 0025369
005 20240502071422.0
041 0 |a slo 
044 |a SK 
245 1 0 |a Kalkulácia variabilných nákladov  |c Pavol Serina 
520 |a Podstata a úloha kalkulácií. Kalkulácie z hľadiska štruktúry nákladov. Kalkulačný systém. Kalkulácia variabilných nákladov. Metodika kalkulácie variabilných nákladov. 
610 2 0 |a kalkulácia 
610 2 0 |a náklady variabilné 
610 2 0 |a podnik 
610 2 0 |a náklady fixné 
610 2 0 |a ceny 
610 2 0 |a výrobky 
100 1 |a Serina, Pavol